| 000 | 00737nmc a2200265 a 4500 | ||
|---|---|---|---|
| 003 | AR-BaBNM | ||
| 005 | 20251128202900.0 | ||
| 008 | 057019s1974 ||||||||||||||000 | spa|| | ||
| 040 | _cAR-BaBNM | ||
| 100 | 1 | _aBioy Casares, Adolfo | |
| 245 | 1 | 0 | _aPlan de evasión |
| 260 |
_aBuenos Aires _bKapelusz _c1974 |
||
| 300 |
_a176 p. _bil. |
||
| 490 | 0 |
_aGrandes obras de la literatura universal _vv. 104 |
|
| 500 | _aContiene referencias bibliográficas en p. 9 | ||
| 650 | 4 | _aLITERATURA ARGENTINA | |
| 650 | 4 | _aLITERATURA CONTEMPORANEA | |
| 650 | 4 | _aCIENCIA FICCION | |
| 650 | 4 | _aNOVELAS | |
| 653 | _aLITERATURA FANTASTICA | ||
| 655 | _aLITERATURA | ||
| 700 | 1 |
_aManguel, Alberto _eprologuista |
|
| 942 | _cBK | ||
| 998 | _cMARTIN | ||
| 999 |
_c1026 _d1026 |
||